000 00369nam a2200145Ia 4500
008 230917s9999||||xx |||||||||||||| ||und||
040 _e5403
_aMAIN
041 _aEnglish
082 _a547.2 H246C
100 _aHarrison, Ian T
245 0 _aCompendium of organic synthetic methods
260 _aNew York
_bJohn Wiley
_c1974
300 _axviii, 437 p.
942 _cBK
999 _c194682
_d194682